000 00969cam a22003253a 4500
001 3608
003 PGUSA
005 20140828083035.0
008 030101s2003||||xxu|||||s|||||000 1 eng d
040 _aPGUSA
_beng
042 _adc
050 4 _aPR
100 1 _aTressell, Robert,
_d1870-1911
245 1 4 _aThe Ragged Trousered Philanthropists
_h[electronic resource] /
_cRobert Tressell
260 _bProject Gutenberg,
_c2003
506 _aPublic domain in the USA.
516 _aElectronic text
653 _aPolitical fiction
653 _aCapitalism -- Fiction
653 _aWorking class -- Fiction
653 _aEngland -- Fiction
653 _aSocialists -- Fiction
653 _aLabor movement -- Fiction
653 _aSocial classes -- Fiction
653 _aWorking class families -- Fiction
653 _aSocial conflict -- Fiction
830 0 _aProject Gutenberg
_v3608
856 4 0 _uhttp://www.gutenberg.org/ebooks/3608
942 _cEB
999 _c232937
_d232937